El abc del comunismo / (Record no. 16677)

000 -CABECERA
fixed length control field 00929nam a22002417a 4500
003 - IDENTIFICADOR DEL NÚMERO DE CONTROL
control field AR-CdUCM
008 - DATOS DE LONGITUD FIJA--INFORMACIÓN GENERAL
fixed length control field 190504b ||||| |||| 00| 0 spa d
040 ## - FUENTE DE LA CATALOGACIÓN
Agencia/entidad que catalogó originalmente la obra MUNICIPALIDAD PROVINCIAL DEL CUSCO
Entidad que transcribió la catalogación BIBLIOTECA MUNICIPAL DEL CUSCO
082 ## - NÚMERO DE LA CLASIFICACIÓN DECIMAL DEWEY
No. de Clasificación 335.43 /
Notacion interna B89
100 ## - ENTRADA PRINCIPAL--NOMBRE DE PERSONA
Nombre Personal Bujarin, Nicolás
245 ## - MENCIÓN DE TÍTULO
Título El abc del comunismo /
260 ## - PUBLICACIÓN, DISTRIBUCIÓN, ETC.
Lugar de publicación, distribución, etc. México D. F. :
Nombre de la editorial, distribuidor, etc. Grijalbo,
Fecha de publicación, distribución, etc. 1971.
300 ## - DESCRIPCIÓN FÍSICA
Nº de Páginas Extensión 160 páginas ;
Dimensiones 19 cm.
440 ## - MENCIÓN DE SERIE/PUNTO DE ACCESO ADICIONAL--TÍTULO
Título Colección 70 / Tercera serie.
Número de la parte/sección de una obra 110
9 (RLIN) 36255
505 ## - NOTA DE CONTENIDO CON FORMATO
Nota de contenido formateada Contenido: Nuestro programa -- El orden social -- Desenvolvimiento del orden social capitalista -- Comunismo y dictadura del proletariado -- Del capitalismos al comunismo -- La segunda y la tercera Internacional.
650 ## - PUNTO DE ACCESO ADICIONAL DE MATERIA--TÉRMINO DE MATERIA
Descriptor Comunismo
9 (RLIN) 495
650 ## - PUNTO DE ACCESO ADICIONAL DE MATERIA--TÉRMINO DE MATERIA
Descriptor Capitalismo
9 (RLIN) 3221
650 ## - PUNTO DE ACCESO ADICIONAL DE MATERIA--TÉRMINO DE MATERIA
Descriptor Siglo XX
9 (RLIN) 8
700 ## - PUNTO DE ACCESO ADICIONAL--NOMBRE DE PERSONA
Nombre Personal Solórzano, Ramón (traducción)
9 (RLIN) 36256
942 ## - ELEMENTOS DE PUNTO DE ACCESO ADICIONAL (KOHA)
Fuente de clasificación
Tipo de item Libros-BMC
945 ## - PROCESAMIENTO DE INFORMACIÓN LOCAL (OCLC)
Catalogador achl
AAAA-MM-DD - Fecha de ingreso o modificacion 2019-05-04
Holdings
Estado de retiro (separado) Fuente de clasificación o esquema de estanterías Estado dañado Ubicación Sala donde se ubica Nombre de la colección Fecha de adquisición o compra Costo, precio normal en soles Signatura topográfica Código de Barras Última vez visto (Koha) Tipo de ítem (Koha)
No     Sala Humanidades Sala Humanidades Book Cart 2019-05-04 40.00 335.43 / B89 SH0000011833 2019-05-04 Libros-BMC

Powered by Koha